[Event "Challenge"]
[Site "http://www.queenalice.com/game.php?id=160399"]
[Date "2007.1.29"]
[Round "-"]
[White "gummino"]
[Black "quitinho_"]
[Result "1-0"]
[WhiteElo "1825"]
[BlackElo "1500"]

1. e4 c5 2. Nf3 Nc6 3. g3 e6 4. Bg2 Nge7 5. O-O g6 6. d4 cxd4 7. Nxd4 Bg7 8. Be3
O-O 9. c3 a6 10. Nd2 f5 11. Re1 fxe4 12. Nxe4 d5 13. Ng5 Nxd4 14. Bxd4 Bxd4 15.
Qxd4 Nc6 16. Qh4 Qe7 17. Bxd5 Qf6 18. Qxh7# 1-0

[Event "Challenge"]
[Site "http://www.queenalice.com/game.php?id=160400"]
[Date "2007.1.29"]
[Round "-"]
[White "Jomaley"]
[Black "quitinho_"]
[Result "0-1"]
[WhiteElo "1370"]
[BlackElo "1691"]

1. e4 c5 2. c4 Nc6 3. a3 g6 4. Nf3 Bg7 5. Ng5 e5 6. h4 Nge7 7. Nc3 d6 8. Qf3 O-O
9. d3 Bd7 10. h5 Qc8 11. h6 Bg4 12. Qe3 Nd4 13. Qd2 Nb3 14. Qe3 Nxa1 15. Nb5
Nc2+ 16. Kd2 Nxe3 17. Kxe3 Bh8 18. Nxd6 Qd7 19. f3 Qxd6 20. Rh4 Be6 21. Ke2 Rfd8
22. Kf2 Qd4+ 23. Kg3 Bf6 24. Nxe6 Bxh4+ 25. Kxh4 fxe6 26. b3 Qf2+ 27. Kh3 Qxf1
28. Bg5 Rf8 29. Bxe7 Rxf3+ 30. Kg4 Qxg2+ 31. Kh4 Rh3# 0-1

[Event "Challenge"]
[Site "http://www.queenalice.com/game.php?id=160403"]
[Date "2007.1.29"]
[Round "-"]
[White "REUSKING"]
[Black "quitinho_"]
[Result "1/2-1/2"]
[WhiteElo "1814"]
[BlackElo "1438"]

1. e4 c5 2. Nf3 Nc6 3. d4 cxd4 4. Nxd4 e5 5. Nf3 d6 6. Be2 f5 7. Nc3 Nf6 8. Bg5
Be7 9. Bxf6 Bxf6 10. O-O O-O 11. Bc4+ Kh8 12. exf5 Bxf5 13. Nd5 Bg4 14. Be2 Qd7
15. Nxf6 Rxf6 16. Nd2 Bh3 17. Ne4 Rg6 18. Ng3 Rh6 19. Bf3 Rf8 20. Re1 Nd4 21.
Re3 Rhf6 22. c3 Nxf3+ 23. Rxf3 Rxf3 24. gxf3 Qf7 25. Qe2 h5 26. f4 Bg4 27. f3
Bh3 28. f5 h4 29. Ne4 Qxf5 30. Nf2 Qxf3 31. Qxf3 Rxf3 32. Nxh3 Rxh3 33. Rd1 Re3
34. Rxd6 Re2 35. Rd5 e4 36. Rh5+ Kg8 37. Rxh4 e3 38. Re4 Rxb2 39. Rxe3 Rxa2 40.
Rd3 a5 41. Rd8+ Kh7 42. Rb8 Rb2 43. Ra8 b6 44. c4 Rc2 45. Ra6 Rxc4 46. Rxb6 Rc2
47. Rb3 Ra2 48. Rh3+ Kg8 49. Kf1 a4 50. Ke1 Rb2 51. Ra3 Rxh2 52. Rxa4 Kh7 53.
Kf1 g5 54. Ra6 Rh6 55. Ra7+ Kg6 56. Kg2 Kh5 57. Kg3 Rb6 58. Ra3 Rb5 59. Rc3 Rd5
60. Re3 g4 61. Rc3 Rf5 62. Re3 Kg5 63. Rc3 Rb5 64. Rd3 Rb4 65. Rc3 Kf5 66. Ra3
Re4 67. Ra5+ Kf6 68. Ra6+ Re6 69. Rxe6+ Kxe6 70. Kxg4 Ke5 1/2-1/2

[Event "Challenge"]
[Site "http://www.queenalice.com/game.php?id=160404"]
[Date "2007.1.29"]
[Round "-"]
[White "quitinho_"]
[Black "mitsho"]
[Result "0-1"]
[WhiteElo "1728"]
[BlackElo "1423"]

1. e4 e5 2. f4 Bc5 3. Nf3 d6 4. h3 Nf6 5. d3 Nc6 6. c3 O-O 7. d4 exd4 8. Bd3
dxc3 9. Nxc3 Re8 10. Na4 Bb4+ 11. Nc3 d5 12. Bd2 dxe4 13. O-O exf3 14. Rxf3 Nd4
15. Rf1 Bf5 16. Bc4 Bxc3 17. bxc3 Nc2 18. Rc1 Na3 19. Bxf7+ Kxf7 20. c4 Qd4+ 21.
Kh1 Nxc4 22. Qb3 Be6 23. Bc3 Nd2 24. Qxe6+ Rxe6 25. Bxd4 Nxf1 26. Rxf1 Nh5 27.
Rc1 c6 28. f5 Ng3+ 29. Kh2 Nxf5 30. Rf1 g6 31. g4 Re4 32. Bc5 b6 33. Ba3 Re2+
34. Kh1 Rxa2 35. Bd6 Rd8 36. Bc7 Rd7 37. Bg3 Rd3 38. Bh4 Rxh3+ 0-1

[Event "Challenge"]
[Site "http://www.queenalice.com/game.php?id=160407"]
[Date "2007.1.29"]
[Round "-"]
[White "Pawngal"]
[Black "quitinho_"]
[Result "0-1"]
[WhiteElo "1338"]
[BlackElo "1687"]

1. e4 e5 2. Nf3 Nc6 3. Nc3 f5 4. exf5 Nf6 5. Bb5 d6 6. O-O Be7 7. d4 O-O 8. Bg5
a6 9. Bxc6 bxc6 10. dxe5 Nh5 11. Bxe7 Qxe7 12. exd6 cxd6 13. Ne4 d5 14. Neg5
Bxf5 15. b3 Bg4 16. Qd3 Bxf3 17. Nxf3 Nf4 18. Qd2 Qe6 19. a4 Qg4 20. h3 Qxg2#
0-1

[Event "Challenge"]
[Site "http://www.queenalice.com/game.php?id=160423"]
[Date "2007.1.29"]
[Round "-"]
[White "alvarogoulart"]
[Black "quitinho_"]
[Result "0-1"]
[WhiteElo "1817"]
[BlackElo "1513"]

1. e4 c5 2. Bc4 Nc6 3. Nf3 e6 4. d4 d5 5. exd5 exd5 6. Bb5 a6 7. Bxc6+ bxc6 8.
dxc5 Bxc5 9. O-O Ne7 10. Nc3 O-O 11. Bf4 Ng6 12. Bg3 f5 13. h3 f4 14. Bh2 Nh4
15. Bxf4 Rxf4 16. Nxh4 Qxh4 17. Ne2 Rxf2 18. Rxf2 Qxf2+ 19. Kh2 Bd6+ 20. Kh1
Bxh3 21. Qg1 Qxe2 22. Re1 Bxg2+ 23. Qxg2 Qxe1+ 24. Qg1 Qh4+ 25. Kg2 Rf8 26. Qh1
Rf2+ 27. Kg1 Qg3+ 0-1

[Event "Challenge"]
[Site "http://www.queenalice.com/game.php?id=160424"]
[Date "2007.1.29"]
[Round "-"]
[White "quitinho_"]
[Black "dtrainey"]
[Result "1-0"]
[WhiteElo "1630"]
[BlackElo "1416"]

1. c4 d5 2. cxd5 Qxd5 3. Nc3 Qd7 4. d4 e6 5. e4 c5 6. Bb5 Nc6 7. d5 a6 8. Ba4 b5
9. Nxb5 axb5 10. Bxb5 Bb7 11. Nf3 exd5 12. exd5 h6 13. O-O Bd6 14. Re1+ Nge7 15.
Ne5 Bxe5 16. Rxe5 Ra5 17. a4 O-O 18. Bxh6 Qd6 19. Bxg7 Qxe5 20. Bxe5 Nxe5 21. f4
Bxd5 22. fxe5 Rfa8 23. Qg4+ Ng6 24. Bd3 c4 25. Bxg6 fxg6 26. Qxg6+ Kh8 27. Re1
Rxa4 28. Re3 Ra2 29. Rh3# 1-0

[Event "Challenge"]
[Site "http://www.queenalice.com/game.php?id=160425"]
[Date "2007.1.29"]
[Round "-"]
[White "quitinho_"]
[Black "abelardo"]
[Result "1-0"]
[WhiteElo "1657"]
[BlackElo "1225"]

1. e4 d5 2. exd5 Qxd5 3. Nc3 Qc5 4. d4 Qf5 5. Bd3 Qf6 6. Nf3 g6 7. Be3 e6 8. a3
Nc6 9. d5 exd5 10. Nxd5 Qd8 11. Bb5 Bd7 12. Qe2 Bg7 13. Bf4+ Be5 14. Nxe5 Nxe5
15. Qxe5+ Kf8 16. Qxh8 Bxb5 17. Bh6+ Ke8 18. Qxg8+ Kd7 19. Qxf7+ Kc8 20. Bg5 c6
21. Bxd8 1-0

[Event "Challenge"]
[Site "http://www.queenalice.com/game.php?id=160427"]
[Date "2007.1.29"]
[Round "-"]
[White "quitinho_"]
[Black "yo_soy_lo_mejor"]
[Result "1-0"]
[WhiteElo "1690"]
[BlackElo "1818"]

1. d4 g6 2. c4 Nf6 3. Nc3 Bg7 4. e4 d6 5. Bg5 O-O 6. f4 c5 7. d5 e5 8. fxe5 dxe5
9. Nf3 Re8 10. Be2 h6 11. Bh4 Qb6 12. a3 Bg4 13. O-O Qxb2 14. Na4 Qxa1 15. Qxa1
Nxe4 16. Bd3 Nd6 17. Qb1 e4 18. Bxe4 Nxe4 19. Qxb7 Nd7 20. h3 Bxf3 21. Qxd7 Bd4+
22. Kh1 Bh5 23. Qxf7+ Kh8 24. g4 g5 25. Qxh5 gxh4 26. Qxh4 Be3 27. Qe1 Bd4 28.
Qh4 Be3 29. Nxc5 Nxc5 30. Qf6+ Kh7 31. d6 Ne4 32. Qf7+ Kh8 33. d7 Red8 34. Re1
Nc5 35. Rxe3 Rxd7 36. Qf6+ Kg8 37. Qg6+ Kh8 38. Qxh6+ Rh7 39. Qc6 Nb7 40. Kg2
Na5 41. Qxa8+ 1-0

[Event "Challenge"]
[Site "http://www.queenalice.com/game.php?id=160428"]
[Date "2007.1.29"]
[Round "-"]
[White "quitinho_"]
[Black "dtrainey"]
[Result "1-0"]
[WhiteElo "1681"]
[BlackElo "1475"]

1. d4 d5 2. c4 c5 3. e3 Nf6 4. Nc3 Bf5 5. Nf3 Bg4 6. Be2 a6 7. O-O h6 8. Qb3 e6
9. Qxb7 Nbd7 10. cxd5 exd5 11. Nxd5 Nxd5 12. Qxd5 Rc8 13. Bd2 Be6 14. Qb7 a5 15.
Qa6 Rb8 16. Bxa5 Qc8 17. Qxc8+ Rxc8 18. Bb5 cxd4 19. exd4 Bd6 20. Bxd7+ Kxd7 21.
Bc3 Rhe8 22. Rfe1 Rc4 23. Rad1 f6 24. Re4 f5 25. Ne5+ Bxe5 26. dxe5+ Ke7 27.
Bb4+ Kf7 28. Rxc4 Bxc4 29. b3 Rxe5 30. bxc4 Re4 31. a4 Rxc4 32. Rb1 Ke6 33. a5
Kd7 34. a6 Kc8 35. Bd6 Ra4 36. Bf8 Rxa6 37. Bxg7 Kd7 38. h3 Ke7 39. Rb7+ Ke6 40.
Bxh6 Kd5 41. Bg5 Ra5 42. h4 Ke6 43. f4 Kd5 44. h5 Ra8 45. h6 Ke4 46. h7 Rc8 47.
Bf6 Kxf4 48. h8=Q Rxh8 49. Bxh8 Kg3 50. Be5+ Kg4 51. Kf2 f4 52. Rg7+ Kf5 53. Bb8
Ke4 54. Re7+ Kf5 55. Kf3 Kg5 56. Rf7 1-0

[Event "AUTO-OPEN-535"]
[Site "http://www.queenalice.com/game.php?id=160777"]
[Date "2007.1.30"]
[Round "1"]
[White "ray"]
[Black "quitinho_"]
[Result "1-0"]
[WhiteElo "1685"]
[BlackElo "1614"]

1. c4 c6 2. Nc3 d5 3. g3 e5 4. Bg2 d4 5. Ne4 f5 6. h4 fxe4 7. Bxe4 Nf6 8. Bg2
Be7 9. Nf3 Qc7 10. d3 O-O 11. O-O Na6 12. Ng5 Ng4 13. Be4 Bxg5 14. Bxg5 Qf7 15.
f3 Nf6 16. Qd2 Bh3 17. Rf2 Ng4 18. Raf1 Nxf2 19. Rxf2 1-0

[Event "AUTO-OPEN-535"]
[Site "http://www.queenalice.com/game.php?id=160778"]
[Date "2007.1.30"]
[Round "1"]
[White "quitinho_"]
[Black "ray"]
[Result "0-1"]
[WhiteElo "1600"]
[BlackElo "1725"]

1. d4 c5 2. d5 g6 3. c4 Bg7 4. f4 Nf6 5. Nc3 O-O 6. Nf3 d6 7. e4 Bg4 8. Be2 Nbd7
9. O-O Nb6 10. Ng5 Bxe2 11. Qxe2 Qd7 12. e5 dxe5 13. fxe5 Ng4 14. Bd2 Nxe5 15.
b3 f6 16. Ne6 Rf7 17. Ne4 f5 18. N4g5 Rf6 19. Bc3 Bh6 0-1

[Event "AUTO-OPEN-535"]
[Site "http://www.queenalice.com/game.php?id=160797"]
[Date "2007.1.30"]
[Round "1"]
[White "mett"]
[Black "quitinho_"]
[Result "0-1"]
[WhiteElo "1949"]
[BlackElo "1438"]

1. e4 e6 2. d4 d5 3. Nd2 c5 4. Ngf3 Nc6 5. dxc5 Bxc5 6. Nb3 b6 7. Bb5 Ne7 8. Ne5
Bb7 9. exd5 exd5 10. Qg4 O-O 11. Bh6 Ng6 12. Nxc6 Qe8+ 13. Be3 Bxc6 14. Bxc6
Qxc6 15. Nxc5 bxc5 16. O-O d4 17. Bd2 Rfe8 18. Rfe1 Re6 19. f4 Re4 20. Qf5 Rae8
21. b3 Re2 0-1

[Event "AUTO-OPEN-535"]
[Site "http://www.queenalice.com/game.php?id=160798"]
[Date "2007.1.30"]
[Round "1"]
[White "quitinho_"]
[Black "mett"]
[Result "0-1"]
[WhiteElo "1698"]
[BlackElo "1999"]

1. d4 Nf6 2. c4 e6 3. Nc3 c5 4. e3 d5 5. Nf3 cxd4 6. Nxd4 Bb4 7. Qa4+ Nc6 8.
Nxc6 Bxc3+ 9. bxc3 bxc6 10. Ba3 Bd7 11. cxd5 cxd5 12. Bb5 Rb8 13. Bxd7+ Qxd7 14.
Qxd7+ Kxd7 15. O-O Rb7 16. Bb4 Rc8 17. a4 Ne4 18. Ra3 Nd2 19. Rd1 a5 20. Bxa5
Nc4 21. Ra2 Nxa5 22. e4 Rxc3 23. exd5 Rd3 24. dxe6+ Kxe6 25. Re2+ Kf6 26. Rc1
Rd4 27. h3 Rxa4 28. Rd1 g6 29. g4 Nc4 30. Re4 Nb2 31. Rd6+ Kg7 32. Re8 Ra1+ 33.
Kg2 Rd1 34. Rc6 Nd3 35. g5 Nf4+ 36. Kg3 Ne6 37. h4 Rd8 38. Rxd8 Nxd8 39. Rc3 Ne6
40. Rc8 Rb3+ 41. Kg2 Nf4+ 42. Kg1 Rh3 0-1

[Event "AUTO-OPEN-535"]
[Site "http://www.queenalice.com/game.php?id=160807"]
[Date "2007.1.30"]
[Round "1"]
[White "digo1702"]
[Black "quitinho_"]
[Result "0-1"]
[WhiteElo "1112"]
[BlackElo "1602"]

1. e4 e6 2. Nc3 d5 3. Nf3 d4 4. Ne2 c5 5. c4 Nc6 6. d3 e5 7. Bg5 Nf6 8. Ng3 Be7
9. Nf5 Bxf5 10. exf5 O-O 0-1

[Event "AUTO-OPEN-535"]
[Site "http://www.queenalice.com/game.php?id=160808"]
[Date "2007.1.30"]
[Round "1"]
[White "quitinho_"]
[Black "digo1702"]
[Result "1-0"]
[WhiteElo "1602"]
[BlackElo "1112"]

1. d4 d5 2. c4 Nc6 3. Nc3 Nf6 4. e3 Bf5 5. cxd5 Nxd5 6. Bc4 Na5 7. Bxd5 e6 8.
Qa4+ c6 9. Be4 b5 10. Qd1 b4 11. Bxf5 exf5 12. Nce2 1-0

[Event "Challenge"]
[Site "http://www.queenalice.com/game.php?id=162834"]
[Date "2007.2.2"]
[Round "-"]
[White "mustangmike"]
[Black "quitinho_"]
[Result "0-1"]
[WhiteElo "1554"]
[BlackElo "1657"]

1. Nc3 d5 2. e4 d4 3. Nce2 e5 4. d3 c5 5. Nf3 Nc6 6. c3 f5 7. cxd4 cxd4 8. exf5
Bxf5 9. Bg5 Be7 10. Qd2 Nf6 11. Rc1 Bb4 12. Nc3 dxc3 13. bxc3 Bc5 14. Qe2 O-O
15. Nxe5 Nxe5 16. Qxe5 Re8 17. Qxe8+ Qxe8+ 18. Be3 Bxe3 19. fxe3 Qxe3+ 20. Kd1
Bg4+ 21. Kc2 Rc8 0-1

[Event "Challenge"]
[Site "http://www.queenalice.com/game.php?id=162835"]
[Date "2007.2.2"]
[Round "-"]
[White "mustangmike"]
[Black "quitinho_"]
[Result "1-0"]
[WhiteElo "1620"]
[BlackElo "1693"]

1. e4 e6 2. d4 d5 3. e5 c5 4. dxc5 Bxc5 5. Be3 Bxe3 6. fxe3 Qh4+ 7. Kd2 Qb4+ 8.
Kc1 Bd7 9. c3 Qe4 10. Nf3 Qxe3+ 11. Kc2 Na6 12. Bxa6 bxa6 13. Re1 Qb6 14. b3 Rc8
15. Nd4 Ne7 16. Nd2 Qxd4 17. c4 dxc4 18. Nxc4 Rxc4+ 19. Kb1 Qxd1+ 20. Rxd1 Rc7
21. a4 O-O 22. Ra2 Rb8 23. Rb2 Rc3 24. Rxd7 Nd5 25. Rc2 Rcxb3+ 26. Kc1 h6 27.
Kd2 Rb2 28. Kc1 Rxc2+ 29. Kxc2 Rb4 30. Kd1 Rxa4 31. Ke2 Ra2+ 32. Kf3 a5 33. Rxa7
1-0

[Event "Challenge"]
[Site "http://www.queenalice.com/game.php?id=168346"]
[Date "2007.2.14"]
[Round "-"]
[White "quitinho_"]
[Black "jocachess"]
[Result "0-1"]
[WhiteElo "1629"]
[BlackElo "1760"]

1. d4 Nf6 2. c4 g6 3. Nc3 Bg7 4. e4 O-O 5. Bg5 e6 6. e5 d6 7. exf6 Bxf6 8. Bh6
Re8 9. Nf3 Nc6 10. Ne4 e5 11. d5 Nd4 12. Nxd4 exd4 13. Bd3 Bf5 14. Qc2 Bh8 15.
O-O Bxe4 16. Bxe4 Qh4 17. Bf3 Be5 18. g3 Qxh6 19. Rfe1 d3 0-1

[Event "Challenge"]
[Site "http://www.queenalice.com/game.php?id=178804"]
[Date "2007.3.9"]
[Round "-"]
[White "quitinho_"]
[Black "doriam"]
[Result "0-1"]
[WhiteElo "1589"]
[BlackElo "1688"]

1. d4 h6 2. c4 Nf6 3. Nc3 e6 4. e4 d6 5. Bd3 a6 6. f4 Be7 7. Nf3 O-O 8. O-O c5
9. d5 exd5 10. exd5 Nbd7 11. Re1 Re8 12. Be3 b5 13. cxb5 axb5 14. Bxb5 Bb7 15.
Nh4 Nb6 16. Bxe8 Nxe8 17. Nf5 Bf6 18. Qg4 Nxd5 19. Nxh6+ Kf8 0-1